Представление документа в формате RUSMARC

ПолеНазваниеЗначение
  Тип записи a
  Библиографический уровень m
001 Контрольный номер UONB/MAIN/169028fe80f14f1d97c870d11247738d
005 Дата корректировки 20260422131214.6
010 Индекс ISBN __
d Цена 80 к.
9 Тираж 11000 экз.
b Уточнения в пер.
100 Данные общей обработки __
a Данные общей обработки 20260422d1982 u y0rusy0189 ca
101 Язык документа 0_
a Язык текста rus
102 Страна публикации __
a Страна публикации RU
105 Кодированные данные (монография) __
a Кодированные данные (монография) a z 000yy
200 Заглавие и сведения об ответственности 1_
a Заглавие Организация кормопроизводства на орошаемых землях
f Первые сведения об ответственности А. А. Шутьков
203 Вид содержания и тип средства __
a Вид содержания Текст
b Характеристика содержания визуальный
c Тип средства непосредственный
210 Выходные данные 1_
a Место издания Москва
c Издательство Колос
d Дата издания 1982
215 Физическое описание __
a Объем 270 с.
d Формат 21 см
c Иллюстрации/тип воспроизводства ил.
606 Тематические рубрики 0_
a Основная рубрика Кормопроизводство на орошаемых землях
610 Ключевые слова 0_
a Ключевые слова кормопроизводство на орошаемых землях
686 Индексы других классификаций __
a Классификационный индекс 42.2-4
2 Код системы rubbk
700 Автор _1
a Фамилия Шутьков
b Имя (инициалы) А. А.
g Полное личное имя Анатолий Антонович
801 Источник записи _0
a Страна RU
b Организация Ульяновская ОНБ
c Дата составления 20260422
g Правила каталогизации RCR
801 Источник записи _1
a Страна RU
b Организация Ульяновская ОНБ
c Дата составления 20260422
g Правила каталогизации RCR
901 Тип документа __
t Тип документа m
909 Создатель записи __
a Создатель записи Оргеткина
b Дата создания записи 20260422